| 000 | 00523nam a2200145Ia 4500 | ||
|---|---|---|---|
| 008 | 231129s2010||||xx |||||||||||||| ||spa|| | ||
| 020 | _a978-958-758-024-2 | ||
| 040 | _bspa | ||
| 082 | _a364.152 C718b | ||
| 100 | _aColombia. Comisión Nacional de Reparación y Reconciliación | ||
| 245 | 0 | _aBojayá : la guerra sin límites | |
| 260 | _c2010 | ||
| 264 | _aBogotá Colombia: Comisión Nacional de Reparación y Reconciliación Grupo de Memoria Histórica : Taurus | ||
| 942 |
_2ddc _cBKS |
||
| 999 |
_c3018 _d3018 |
||